000 00721nam a2200289Ia 4500
005 20260324112344.0
008 008 260324s9999 xx 000 0 eng d
020 _a9781003271956
037 _aEBOOK
040 _aCRL
040 _beng
040 _cCRL
041 _2eng
041 _aeng
084 _qCRL
100 _aArturo Ezquerro; María Cañete
_91142350
245 4 _aThe Power of Group Attachment
245 0 _bJohn Bowlby Revisited from a Group-Analytic Perspective
260 _bTaylor and Francis
260 _c2024
365 _a
365 _b220
856 _uhttp://www.taylorfrancis.com/books/9781003271956
942 _cEBOOK
999 _c1731521
_d1731521